000 00399nam a22001457a 4500
005 20260408095056.0
008 260408b |||||||| |||| 00| 0 eng d
050 _aKNS 3672.S56 2005
100 _aDR.PRAKASH R.
245 _aS.D SINGH'S JUDGEMENTS AND HOW TO WRITE THEM
260 _aINDIA
_bEASTERN BOOK COMPANY
_c2005
300 _aX,183
500 _aINCLUDES SUBJECT INDEX
942 _2lcc
_cBK
999 _c216926
_d216926